[Event "GER-chT North U12"]
[Site "Magdeburg"]
[Date "2013.09.13"]
[Round "4.3"]
[White "Gundermann, Alexander"]
[Black "Trieu, David"]
[Result "0-1"]
[WhiteElo "1057"]
[BlackElo "1090"]
[PlyCount "36"]
[EventDate "2013.09.12"]
[EventType "team-swiss"]
[EventRounds "7"]
[EventCountry "GER"]
[SourceTitle "EXT 2014"]
[Source "ChessBase"]
[SourceDate "2013.11.20"]
[SourceVersion "1"]
[SourceVersionDate "2013.11.20"]
[SourceQuality "1"]
[WhiteTeam "Hamburg Eppendorf"]
[BlackTeam "Falkenberg"]
[WhiteTeamCountry "GER"]
[BlackTeamCountry "GER"]

1. e4 c5 2. Nf3 Nc6 3. d4 cxd4 4. Nxd4 g6 5. Nc3 Bg7 6. Be3 Nf6 7. Bc4 0-0 8. Qd2 a6 9. 0-0-0 Nxd4 10. Bxd4 h5 11. Bd5 Rb8 12. Ba7 Nxd5 13. Bxb8 Nxc3 14. bxc3 d6 15. Ba7 Qa5 16. Qd5 Bxc3 17. Bd4 Qa3+ 18. Kb1 Qb2# 0-1